Lenin = Lenin : The Train /
Gespeichert in:
| 1. Verfasser: | |
|---|---|
| Weitere Verfasser: | , , , , , , , |
| Format: | |
| Sprache: | Englisch |
| Veröffentlicht: |
Roma, Italia :
Radiotelevisione Italiana,
1988, c1988
|
| Schriftenreihe: | (Grandes Series Eurolatinoamericana)
|
| Schlagworte: | |
| Tags: |
Keine Tags, Fügen Sie das erste Tag hinzu!
|
MARC
| LEADER | 00000ngm^a2200000^a^4500 | ||
|---|---|---|---|
| 001 | 000284134 | ||
| 005 | 20250523000000.0 | ||
| 009 | 20260310111659.128 | ||
| 037 | |a Acervo ITESO - Biblioteca | ||
| 041 | |a ING | ||
| 082 | |a 850. |b DAM | ||
| 100 | |a Damiani, Damiano |e (realización) | ||
| 245 | 1 | 0 | |a Lenin = |b Lenin : The Train / |c Realización de D. Damiani. |
| 246 | 2 | |a Título en la pantalla: Lenin\2026 el tren | |
| 264 | 4 | |a Roma, Italia : |b Radiotelevisione Italiana, |c 1988, c1988 | |
| 264 | 2 | |a México : |b Eurolatinoamericana [distribución], |c fecha no identificada | |
| 300 | |a 2 DVD multirregión |c (103, 103 min.) | ||
| 336 | |a imagen móvil bidimensional |b tdi |2 rdacontenido | ||
| 337 | |a video |b v |2 rdamedio | ||
| 338 | |a videodisco |b vd |2 rdasoporte | ||
| 440 | 1 | |a (Grandes Series Eurolatinoamericana) | |
| 546 | |a En inglés, con subtítulos opcionales: español | ||
| 649 | |a XX | ||
| 650 | |a Revolucionarios Rusos - |x Biografías | ||
| 650 | |a Políticos Rusos - |x Biografías | ||
| 650 | |a Mujeres Rusas - |x Biografías | ||
| 650 | |a Mujeres Francesas - |x Biografías | ||
| 650 | |a Películas Históricas | ||
| 650 | |a Dramas Cinematográficos | ||
| 650 | |a Telefilmes | ||
| 650 | |a Cine por Televisión - |z Italia | ||
| 650 | |a Cine en Inglés - |z Italia | ||
| 650 | |a Cine Italiano - |y 1980-1989 | ||
| 650 | |a Cine Italiano - |y Siglo XX | ||
| 650 | |a Relaciones de Pareja | ||
| 650 | |a Exilio | ||
| 650 | |a Ferrocarriles - |z Europa | ||
| 650 | |a Viajes y Travesías - |z Europa | ||
| 650 | |a Política - |z Rusia - |x Historia | ||
| 650 | |a Política - |z Europa - |x Historia | ||
| 650 | |a Rusia - |x Historia - |y Nicolás II, 1894-1917 | ||
| 650 | |a Rusia - |x Historia - |y Casa Romanov, 1613-1917 | ||
| 650 | |a Rusia - |x Historia - |y Período Zarista, 1462-1917 | ||
| 650 | |a Rusia - |x Historia - |y Revolución de Octubre, 1917-1922 | ||
| 650 | |a Rusia - |x Historia - |y Siglo XX | ||
| 650 | |a Europa - |x Historia - |y 1914-1918 | ||
| 650 | |a Europa - |x Historia - |y 1871-1918 | ||
| 650 | |a Europa - |x Historia - |y Siglo XX | ||
| 650 | |a Guerra Mundial (Primera), 1914-1918 - |x Historia | ||
| 650 | |a Krúpskaya, Nadezhda | ||
| 650 | |a Lenin - |x Tema Principal | ||
| 600 | |a Armand, Inessa | ||
| 700 | |a Damiani, Damiano |e (guión) | ||
| 700 | |a Palli, Fulvio Gicca |e (guión) | ||
| 700 | |a Celeste, Sebastiano |e (fotógrafo) | ||
| 700 | |a Meniconi, Enzo |e (montaje) | ||
| 700 | |a Piovani, Nicola |e (música) | ||
| 700 | |a Kingsley, Ben |e (actuación) | ||
| 700 | |a Caron, Leslie |e (actuación) | ||
| 700 | |a Sanda, Dominique |e (actuación) | ||
| 910 | |a Fondo General | ||
| 920 | |a Audiovisuales - DVDs | ||
| 940 | |a Películas | ||
| 905 | |a 302 | ||
| 901 | |a 0500146214 |b IT2 |c DVS |u 20250521 | ||
| 901 | |a 0500146217 |b IT2 |c DVS |u 20250521 | ||
| 902 | |a https://opac.biblio.iteso.mx/vufind/Record/000284134 | ||